O mercador de Veneza (Registo nº 6097)
[ vista simples ]
| 000 -Etiqueta do registo | |
|---|---|
| Valores | 00824cam a2200265 04500 |
| 010 ## - Número ISBN | |
| ISBN | 9725750837 |
| 021 ## - Número do Depósito Legal | |
| Número | 30204/89 |
| 100 ## - Dados gerais de processamento | |
| Dados gerais | 19900202d1989 d y0pory5003 ba |
| 200 1# - Titulo e menção de responsabilidade | |
| Título próprio | O mercador de Veneza |
| Primeira menção de responsabilidade | adapt. Charles e Mary Lamb |
| Outras menções de responsabilidade | des. Martim Lapa |
| -- | trad. Manuel João Gomes |
| 210 #9 - Publicação | |
| Local de publicação | Lisboa |
| Nome do editor | Contexto, |
| Data de publicação | 1989 |
| 215 ## - Descrição física | |
| Paginação / Volumes | 32 p. |
| Outras indicações físicas | il. |
| Dimensões | 18 cm |
| 225 2# - Colecção | |
| Título próprio da colecção | Contos de Shakespeare |
| Indicação de volume | 7 |
| 304 ## - Nota relativa ao título | |
| Texto de nota | Tit. orig. : The merchant of Venice |
| 675 ## - CDU | |
| Notação | 821.111-93 |
| Edição | PT |
| Língua | por |
| 675 ## - CDU | |
| Notação | 821.111-34 |
| Edição | PT |
| Língua | por |
| 700 #1 - Autor principal (pessoa individual) | |
| Apelido | Lamb, |
| Nome | Charles, |
| Datas | 1775-1834 |
| 701 #1 - Co-autor principal (pessoa individual) | |
| Apelido | Lamb, |
| Nome | Mary, |
| Datas | 1764-1847 |
| 702 #1 - Autor secundário (pessoa individual) | |
| Apelido | Lapa, |
| Nome | Martim |
| 702 #1 - Autor secundário (pessoa individual) | |
| Apelido | Gomes, |
| Nome | Manuel João, |
| Datas | 1946-2007 |
| 702 #1 - Autor secundário (pessoa individual) | |
| Apelido | Shakespeare, |
| Nome | William, |
| Datas | 1564-1616 |
| 801 #0 - Fonte de origem | |
| País | PT |
| Agência | BMVN |
| Regras de catalogação | RPC |
| 830 ## - Notas gerais do catalogador | |
| Criado por | Silvia Neutel |
| Data de criação | 31.12.2021 |
| 990 ## - Elementos KOHA | |
| Tipo de documento | Livro |
| Situação do levantamento | Biblioteca de origem | Código de barras | Cota | Permissão de empréstimo | Tipo de documento | Forma de aquisição |
|---|---|---|---|---|---|---|
| Biblioteca Escola Secundária de Vendas Novas | 200000002860 | LJ/EST/SHA | Livro |